Arrested Development Millionaire 2! Quiz Stats

 Plays Quiz not verified by Sporcle

Score 0/15 Timer 08:00
0 Plays Today
heading answer % Correct
????
100%
????
95.2%
????
89.4%
????
86.9%
????
69.2%
????
60.4%
????
59.1%
????
45.5%
heading answer % Correct
????
42.1%
????
40.4%
????
32%
????
20%
????
16.1%
????
13.5%
????
5.2%

You're not logged in!

Compare scores with friends on all Sporcle quizzes.
OR
Log In

Show Comments

Extras

Top Quizzes Today


Score Distribution

Your Account Isn't Verified!

In order to create a playlist on Sporcle, you need to verify the email address you used during registration. Go to your Sporcle Settings to finish the process.

Report this User

Report this user for behavior that violates our Community Guidelines.

Details: